000 01910nam0a2200337 4500
001 RU\NLR\bibl\1270889
005 20260406045532.0
010 _a978-5-02-036643-5
_91000
021 _aRU
_b2008-55111
_93056
035 _a(NLR Aleph) 001256761
090 _a353596
_c353596
100 _a20080909d2008 |||y0rusy50 ca
101 0 _arus
102 _aRU
105 _aac |||||||||
200 1 _aАкадемик С.А. Христианович
_e[100-летию со дня рождения академика С.А. Христиановича посвящается]
_fЦентр. аэрогидродинам. ин-т им. проф. Н.Е. Жуковского
_g[ред.-сост. акад. Г.С. Бюшгенс]
210 _aМосква
_cНаука
_d2008
215 _a438, [1] с.
_cил., цв. ил., портр.
_d25
225 1 _aВыдающиеся ученые-механики ЦАГИ
320 _aТруды академика С.А. Христиановича в области газовой динамики (1938-1951 гг.): с. 121-122 (18 назв.)
600 1 _aХристианович
_bС. А.
_f1908 - 2000
_gСергей Алексеевич
_92315178
_3RU\NLR\auth\661385360
686 _aВ2д(2)Христианович
702 1 _4570
_8rus
_7ca
_aХристианович
_bС. А.
_f1908-2000
_gСергей Алексеевич
_3RU\NLR\AUTH\77112405
_995330
702 1 _4220
_8rus
_7ca
_aБюшгенс
_bГ. С.
_f1916-2013
_gГеоргий Сергеевич
_3RU\NLR\auth\775202
_9115170
712 0 2 _4570
_aЦентральный аэрогидродинамический институт им. Н. Е. Жуковского
_cМосква
_9347375
_3RU\NLR\AUTH\889925784
801 0 _aRU
_bNLR
_c20080909
_gRCR
801 1 _aRU
_bNLR
_c20080909
942 _cBOOK
980 _aNB